Deaths from lead poisoning, 1925-1927, (Record no. 35950)

MARC details
000 -LEADER
fixed length control field 01098cam a22002651 4500
001 - CONTROL NUMBER
control field l 29000126
003 - CONTROL NUMBER IDENTIFIER
control field DLC
005 - DATE AND TIME OF LATEST TRANSACTION
control field 20260227111532.0
008 - FIXED-LENGTH DATA ELEMENTS--GENERAL INFORMATION
fixed length control field 890814s1929 dcu b f000 0 eng
010 ## - LIBRARY OF CONGRESS CONTROL NUMBER
LC control number l 29000126
035 ## - SYSTEM CONTROL NUMBER
System control number (OCoLC)20177613
040 ## - CATALOGING SOURCE
Original cataloging agency DLC
Transcribing agency PEL
Modifying agency PEL
-- OCoLC
-- DLC
042 ## - AUTHENTICATION CODE
Authentication code premarc
050 00 - LIBRARY OF CONGRESS CALL NUMBER
Classification number HD8051
Item number .A62 no. 488
100 1# - MAIN ENTRY--PERSONAL NAME
Personal name Hoffman, Frederick L.
Fuller form of name (Frederick Ludwig),
Dates associated with a name 1865-1946.
245 10 - TITLE STATEMENT
Title Deaths from lead poisoning, 1925-1927,
Statement of responsibility, etc. by Frederick L. Hoffman ... June 1929.
260 ## - PUBLICATION, DISTRIBUTION, ETC.
Place of publication, distribution, etc. Washington,
Name of publisher, distributor, etc. U.S. Govt. print. off.,
Date of publication, distribution, etc. 1929.
300 ## - PHYSICAL DESCRIPTION
Extent iii, 37 p.
Other physical details incl. tables.
Dimensions 23 cm.
490 0# - SERIES STATEMENT
Series statement Bulletin of the United States Bureau of labor statistics,
Volume/sequential designation no. 488. Industrial accidents and hygiene series
500 ## - GENERAL NOTE
General note At head of title: U. S. Department of labor. James J. Davis, secretary. Bureau of labor statistics. Ethelbert Stewart, commissioner.
500 ## - GENERAL NOTE
General note Issued also as House doc. 544, 70th Cong., 2d sess.
504 ## - BIBLIOGRAPHY, ETC. NOTE
Bibliography, etc. note Bibliography: p.36-37.
650 #0 - SUBJECT ADDED ENTRY--TOPICAL TERM
Topical term or geographic name entry element Lead
General subdivision Toxicology.
710 1# - ADDED ENTRY--CORPORATE NAME
Corporate name or jurisdiction name as entry element United States.
Subordinate unit Bureau of Labor Statistics.

No items available.

Powered by Koha